Statistics for Lady Gaga - Monster

Click here to take the quiz!

General Stats

  • This quiz has been taken 60 times
    (15 since last reset)
  • The average score is 312 of 378

Answer Stats

Answer% Correct
a
100%
a-a-ate
100%
at
100%
Ate
100%
ate
100%
boy
100%
he
100%
He
100%
heart
100%
I
100%
in
100%
is
100%
me"
100%
me
100%
M-M-M-Monster
100%
monster
100%
my
100%
That
100%
that
100%
look
90%
Look
90%
She
90%
the
90%
You
90%
you
90%
And
80%
call
80%
don't
80%
Don't
80%
GaGa
80%
Girl
80%
him
80%
seen
80%
we
80%
We
80%
amaze
70%
bad
70%
before
70%
But
70%
disguise
70%
down
70%
eat
70%
eyes
70%
floor
70%
good
70%
honestly
70%
i've
70%
I've
70%
like
70%
never
70%
oh
70%
on
70%
out
70%
to
70%
wolf
70%
baby
60%
bed
60%
can't
60%
evil
60%
He's
60%
he's
60%
his
60%
if
60%
lips
60%
off
60%
one
60%
Said
60%
something
60%
your
60%
asked
50%
"Boys
50%
dance
50%
fucked
50%
got
50%
Just
50%
licked
50%
might've
50%
mumbled
50%
right
50%
staring
50%
stop
50%
sure
50%
There
50%
those
50%
wanna
50%
was
50%
around
40%
brain
40%
french
40%
get
40%
girlfriend
40%
home
40%
Instead
40%
instead
40%
kissed
40%
not
40%
Put
40%
quite
40%
really
40%
recall
40%
round
40%
tells
40%
took
40%
while
40%
yeah
40%
a-a-ate
30%
arms
30%
clothes
30%
enough
30%
now
30%
paws
30%
she'd
30%
tore
30%
girlfirend
20%
might've
20%
subway
20%
train
20%
Uh
20%

Score Distribution

Percentile by Number Answered

Percent of People with Each Score

Your Score History

You have not taken this quiz since the last reset